<?xml version="1.0" encoding="UTF-8"?><?xml-stylesheet type="text/xsl" href="static/style.xsl"?><OAI-PMH xmlns="http://www.openarchives.org/OAI/2.0/" xmlns:xsi="http://www.w3.org/2001/XMLSchema-instance" xsi:schemaLocation="http://www.openarchives.org/OAI/2.0/ http://www.openarchives.org/OAI/2.0/OAI-PMH.xsd"><responseDate>2026-04-18T01:21:47Z</responseDate><request verb="GetRecord" identifier="oai:www.recercat.cat:10256/24299" metadataPrefix="marc">https://recercat.cat/oai/request</request><GetRecord><record><header><identifier>oai:recercat.cat:10256/24299</identifier><datestamp>2024-06-18T12:08:35Z</datestamp><setSpec>com_2072_452955</setSpec><setSpec>com_2072_2054</setSpec><setSpec>col_2072_453062</setSpec></header><metadata><record xmlns="http://www.loc.gov/MARC21/slim" xmlns:dcterms="http://purl.org/dc/terms/" xmlns:xsi="http://www.w3.org/2001/XMLSchema-instance" xmlns:doc="http://www.lyncode.com/xoai" xsi:schemaLocation="http://www.loc.gov/MARC21/slim http://www.loc.gov/standards/marcxml/schema/MARC21slim.xsd">
   <leader>00925njm 22002777a 4500</leader>
   <datafield ind2=" " ind1=" " tag="042">
      <subfield code="a">dc</subfield>
   </datafield>
   <datafield ind2=" " ind1=" " tag="720">
      <subfield code="a">Ferrer Bustins, Nuria</subfield>
      <subfield code="e">author</subfield>
   </datafield>
   <datafield ind2=" " ind1=" " tag="720">
      <subfield code="a">Martín, Belén</subfield>
      <subfield code="e">author</subfield>
   </datafield>
   <datafield ind2=" " ind1=" " tag="720">
      <subfield code="a">Llauger, Mar</subfield>
      <subfield code="e">author</subfield>
   </datafield>
   <datafield ind2=" " ind1=" " tag="720">
      <subfield code="a">Bou, Ricard</subfield>
      <subfield code="e">author</subfield>
   </datafield>
   <datafield ind2=" " ind1=" " tag="720">
      <subfield code="a">Bover Cid, Sara</subfield>
      <subfield code="e">author</subfield>
   </datafield>
   <datafield ind2=" " ind1=" " tag="720">
      <subfield code="a">Jofré Fradera, Anna</subfield>
      <subfield code="e">author</subfield>
   </datafield>
   <datafield ind2=" " ind1=" " tag="260">
      <subfield code="c">2023-04-21</subfield>
   </datafield>
   <datafield ind2=" " ind1=" " tag="520">
      <subfield code="a">Dry fermented sausage innovation trends are linked to consumer preferences for clean label and sodium-reduced foods. This study aims to evaluate the effect of the formulation and production process temperature on the dynamics of bacterial communities in fuet-type dry fermented sausages using metataxonomics. Six fuet batches were manufactured, including formulations without and with the addition of nitrifying salts (replaced or not by pork liver auto-hydrolysate as a colouring agent), processed at 3 to 12 C, and a partial replacement of NaCl by KCl, processed at 12 C. Fermentation was performed spontaneously or by a starter culture. Physicochemical characterisation and culturedependent and independent bacterial analyses were performed at day 0, 4 and 12, at the end of ripening (aw &lt; 0.90) and after storage. Temperature was the most important factor determining the change in pH, aw and lactic acid bacteria levels while the presence of a starter culture promoted a pH decrease. Metataxonomic analysis showed that low temperature processes and the absence of nitrifying salts allowed the growth of spoilage-related species, while sausages submitted to a mild temperature containing a starter culture and nitrifying salts showed less bacterial diversity. Liver auto-hydrolysate added putative probiotic species to the product. This study provides valuable information to manufacturers who want to innovate safely</subfield>
   </datafield>
   <datafield ind1="8" ind2=" " tag="024">
      <subfield code="a">http://hdl.handle.net/10256/24299</subfield>
   </datafield>
   <datafield tag="653" ind2=" " ind1=" ">
      <subfield code="a">Tecnologia dels aliments</subfield>
   </datafield>
   <datafield tag="653" ind2=" " ind1=" ">
      <subfield code="a">Food technology</subfield>
   </datafield>
   <datafield tag="653" ind2=" " ind1=" ">
      <subfield code="a">Aliments -- Microbiologia</subfield>
   </datafield>
   <datafield tag="653" ind2=" " ind1=" ">
      <subfield code="a">Food -- Microbiology</subfield>
   </datafield>
   <datafield ind2="0" ind1="0" tag="245">
      <subfield code="a">Dynamics of Microbial communities in nitrite-free and nutritionally improved dry fermented sausages</subfield>
   </datafield>
</record></metadata></record></GetRecord></OAI-PMH>